000 00798nam a2200217Ia 4500
001 13121
003 GE_BSU
008 181216s||||||||xx |||||||||||||| ||und||
040 _cGE_BSU
080 _a631.4
100 _aВильямс,В.Р.
245 _aСобрание сочинении в двенадцати томах.т.8. Почвоведение и агрономия
245 _cРед.кол.В.П.Бушинский.Т.Д.Лысенко.Ред.А.И.Корчагин
260 _aМосква
260 _bГосиздат сель.-хоз.лит-ры
260 _c1951
300 _a368стр.27см.фото
653 _aПочвоведение и агрономия
653 _aСобрание сочинении в двенадцати томах.
942 _cBK
999 _c46287
_d46287